Vista normal Vista MARC

Entrada Topical Term

Número de registros utilizados en: 1

001 - CONTROL NUMBER

  • control field: 8764

003 - CONTROL NUMBER IDENTIFIER

  • control field: OSt

005 - DATE AND TIME OF LATEST TRANSACTION

  • control field: 20200814120847.0

008 - FIXED-LENGTH DATA ELEMENTS

  • fixed length control field: 200814|| aca||aabn | a|a d

040 ## - CATALOGING SOURCE

  • Original cataloging agency: OSt
  • Transcribing agency: OSt

150 ## - HEADING--TOPICAL TERM

  • Topical term or geographic name entry element: Poesía mediaval italiana

670 ## - SOURCE DATA FOUND

  • Source citation: Work cat.: (OSt)4171: Dante, Alighieri, 1265-1321 autor 8763, La divina comedia /, ©1983